01986nam a22002897a 4500003000400000005001700004008004100021040002200062082001500084100003800099245005700137260006100194300003200255366000800287490002300295505007000318505047000388505004300858505032400901505006601225505018001291650004101471650004301512650004801555650004701603650004601650OSt20230607091354.0221006b |||||||| |||| 00| 0 eng d cBiblioteca Lado V a700bV473o aVera Jimenez, Jose Luiseditector aEl Ornitorrinco Tachado/bRevista de Artes Visuales/ aMexicobUniversidad Autonoma del Estado de Mexico c2018 c21x21cma152p.edos posters espa a6v2017x2448-6930 aLos estudios visuales "en español". Un estado de la cuestión. aArticulostInvestigación actual en imágenes. un análisis comparativo del debate internacional sobre la imagen. Visualidad y técnica: Consideraciones sobre audiovisual amateur, dispositivos y vida cotidiana La acción política como performance social: el caso de las imágenes de las protestas contra Nicolas Maduro ¿Qué es una pipa? Museificacion y reinscripcion de artefactos visuales. Del Brasil decimononico a la contemporaneidad artística  aDossierrFrancisco LariostMar Bermejo aAl MargentPresentacion De mostrar el ver a la imagen que se muestra. Sobre la teoria de la imagen de W. J. T. Mitchell Comentarios sobre la tercera contratesis de W. J. T. Mitchell Estudios visuales entre diglosias coloniales y saberes colectivos El posgrado de la Facultad de Artes frente a los Estudios Visuales aEnsayo VisualrJuan Caloca CarbajaltLa gran familia mexicana aReseñasrVictoria Noelia CabraltPrincipio de incertidumbre: percepción y luz en la ciencia y en el arte Sociología de la imagen. Miradas ch'ixi de la historia andina  2Tesauro de Arte & ArquitecturaaARTE 2Tesauro de Arte & ArquitecturaaENSAYO 2Tesauro de Arte & ArquitecturaaARTE VISUAL 2Tesauro de Arte & ArquitecturaaMUSEOLOGIA 2Tesauro de Arte & ArquitecturaaESPAÑOL